000
00220 a2200097 4500
001
13357
100
_a
Toynbee, A
245
_a
The war the neutrals
260
_a
London
_b
Oxford university press
_c
090
_c
10373
_d
10373
942
_a
NUST-CAE
_c
M
_c
418
999
_c
248430
_d
248430